000 00289nam a22001337a 4500
008 170613b xxu||||| |||| 00| 0 eng d
020 _a9780820470993
041 _aeng
080 _a32
100 _a19
101 _aSHP
245 _aHERE'S LOOKING AT YOU
_cGIGLIO, E
942 _2udc
_cBK
999 _c17108
_d17108